| 000 | 01635ntaaa2200469 4500 | ||
|---|---|---|---|
| 003 | 01 | ||
| 005 | 20251027203315.0 | ||
| 008 | 0714s1973 ag 01 | ||
| 020 | _a9789502309309 | ||
| 040 |
_aAR-BaBN _bspa _cAR-BaBN _eaacr _dRIC |
||
| 082 | _a160 C76 | ||
| 100 |
_aCopi, Irving M. _97733 |
||
| 245 |
_aIntroducción a la lógica / _cIrving M. Copi |
||
| 250 | _a4a ed., 6a reimpr. | ||
| 260 |
_aBuenos Aires : _bEudeba, _c2016 |
||
| 300 |
_aXiv, 614 p. ; _c22 cm. |
||
| 490 | _aManuales | ||
| 500 | _aTítulo original: Introduction to logic | ||
| 500 | _aEd. original en inglés: Mcmillan Publishers | ||
| 500 | _aIncluye índices analíticos | ||
| 500 | _aContiene ejercicios seleccionados | ||
| 505 | _tPrimera parte. El lenguaje | ||
| 505 | _tI. Introducción | ||
| 505 | _tII. Los usos del lenguaje | ||
| 505 | _tIII. Falacias no formales | ||
| 505 | _tIV. La definición | ||
| 505 | _tSegunda parte. La deducción | ||
| 505 | _tV. Las proposiciones categóricas | ||
| 505 | _tVI. Los silogismos categóricos | ||
| 505 | _tVII. Los razonamientos en el lenguaje ordinario | ||
| 505 | _tVIII. Lógica simbólica | ||
| 505 | _tIX. El método de la deducción | ||
| 505 | _tX. Teoría de la cuantificación | ||
| 505 | _tTercera parte. La inducción | ||
| 505 | _tXI. La analogía y la inferencia probable | ||
| 505 | _tXII. Las conexiones causales: los métodos de Mill para la investigación experimental | ||
| 505 | _tXIII. La ciencia y la hipótesis | ||
| 505 | _tXIV. La probabilidad | ||
| 650 |
_aLOGICA _95031 |
||
| 700 |
_aMíguez, Néstor Alberto _etraductor _936376 |
||
| 942 | _cBK | ||
| 999 |
_c28576 _d28576 |
||